• 首页
  • 本馆介绍
  • 公告通知
  • 最新文献
  • 馆藏检索
  • 电子资源
  • 读者导购
  • 参考咨询
  • 我的图书馆
  • 登录
  • 详细信息显示
  • 放入我的书架
  • 预约/预借图书
  • 作者相关作品
  • 分类相关作品
  • 丛书相关作品
  • 出版社相关作品

书目信息

  • 表格格式
  • 工作单格式
  • 卡片格式
题名:
口琴广播教材
    
 
作者: 石人望 编著
分册:  
出版信息: 上海   上海文艺出版社  1959.10
页数: 99页
开本: 19cm
丛书名:
单 册:
中图分类: J624.4
科图分类:
主题词: 器乐--理论 , 器乐--奏法 , 器乐--演奏
电子资源:
ISBN:
000 00566nam0 2200217 45
001 0405121007
005 20060819170511.67
010    @dCNY0.25
091    @a8078.1055
100    @a20040512d1959 km y0chiy0120 ea
101 0  @achi
200 1  @a口琴广播教材@AKou Qin Guang Bo Jiao Cai@f石人望编著@FShi Ren Wang BianZhu
210    @a上海@c上海文艺出版社@d1959.10
215    @a99页@d19cm
606 0  @a器乐@x理论
606 0  @a器乐@x奏法
606 0  @a器乐@x演奏
690    @aJ624.4@v3
701  0 @a石人望@4编著
801    @aCN@bPftUser@c20060819
905    @dJ624.4@e11
    
    口琴广播教材/石人望编著.-上海:上海文艺出版社,1959.10
    99页;19cm
    
    
    ISBN :CNY0.25
    
●
相关链接 在E读中查询图书 在五车中查询图书 在当当中查询图书 在豆瓣中查询图书


正题名:口琴广播教材     索取号:J624.4/11         预约/预借

序号 登录号 条形码 馆藏地/架位号 状态 备注
1 0049515   001205270   第一样本阅览室/ [索取号:J624.4/11] 在馆    
2 0049518   202309723   密集书库/ [索取号:J624.4/11] 在馆    
3 0049519   001467816   第一借阅区/ [索取号:J624.4/11] 在馆    
4 0049520   202309689   密集书库/ [索取号:J624.4/11] 在馆    
5 0049521   202168885   密集书库/ [索取号:J624.4/11] 在馆    
6 0466992   204669929   密集书库/ [索取号:J624.4/11] 在馆    
欢迎您!
大连网信软件有限公司© 版权所有